• 首页
  • 本馆介绍
  • 公告通知
  • 最新文献
  • 馆藏检索
  • 电子资源
  • 读者导购
  • 参考咨询
  • 我的图书馆
  • 登录
  • 详细信息显示
  • 放入我的书架
  • 预约/预借图书
  • 作者相关作品
  • 分类相关作品
  • 丛书相关作品
  • 出版社相关作品

书目信息

  • 表格格式
  • 工作单格式
  • 卡片格式
题名:
药物安全性评价
    
 
作者: 加德 , Gad 编著 ;范玉明 , 李毅民 , 张舒 译
分册:  
出版信息: 北京   化学工业出版社  2006
页数: 18,820页
开本: 24cm
丛书名: 国外药学专著译丛
单 册:
中图分类: R965.3
科图分类:
主题词: 药物--安全试验 , 药物
电子资源:
ISBN: 7-5025-7087-X
000 01323oam2 2200337 450
001 012007607562
005 20070517114716.96
010    @a7-5025-7087-X@dCNY149.00
100    @a20070512d2006 km y0chiy0120 ea
101 1  @achi@ceng
102    @aCN@b110000
105    @ay z 000yy
106    @ar
200 1  @a药物安全性评价@Ayao wu an quan xing ping jia@f(美)谢恩 C·加德(Shayne C. Gad)编著@F(mei)xie en C·jia de(Shayne C.Gad)bian zhu@g范玉明,李毅民,张舒等译@Gfan yu ming,li yi min,zhang shu deng yi
210    @a北京@c化学工业出版社@d2006
215    @a18,820页@d24cm
225 2  @a国外药学专著译丛
306    @aJohn Wiley & Sons出版公司授权出版发行
330    @a本书共22章,分别对药物的发现与开发中药物安全性评价的策略和安排;人用药物安全性法规;安全性评价中资料文件的创建与维护;安全性与危害评估的筛选;药物安全性评价中的急性毒性试验;遗传毒性、亚慢性和慢性毒性实验。
461  0 @12001 @a国外药学专著译丛
510 1  @aDrug safety evaluation@zeng
606 0  @a药物@x安全试验
606 0  @a药物
690    @aR965.3@v4
701  1 @c(美)@a加德@Ajia de@b谢恩 C·@4编著
701  1 @c(美)@aGad@bShayne C.@4编著
702  0 @a范玉明@Afan yu ming@4译
702  0 @a李毅民@Ali yi min@c(药理学)@4译
702  0 @a张舒@Azhang shu@c(药理学)@4译
801  0 @aCN@bRULIN@c20070517
905    @dR965.3@e47@s2
    
    药物安全性评价/(美)谢恩 C·加德(Shayne C. Gad)编著/范玉明,李毅民,张舒等译.-北京:化学工业出版社,2006
    18,820页;24cm.-(国外药学专著译丛)
    
    
    ISBN 7-5025-7087-X:CNY149.00
    本书共22章,分别对药物的发现与开发中药物安全性评价的策略和安排;人用药物安全性法规;安全性评价中资料文件的创建与维护;安全性与危害评估的筛选;药物安全性评价中的急性毒性试验;遗传毒性、亚慢性和慢性毒性实验。
●
相关链接 在E读中查询图书 在五车中查询图书 在当当中查询图书 在豆瓣中查询图书


正题名:药物安全性评价     索取号:R965.3/47         预约/预借

序号 登录号 条形码 馆藏地/架位号 状态 备注
1 0574823   205748235   第二样本阅览室/ [索取号:R965.3/47] 在馆    
2 0574824   205748244   第三借阅区/ [索取号:R965.3/47] 在馆    
唐山师范学院图书馆 欢迎您!
大连网信软件有限公司© 版权所有